000 00978nam a2200313Ia 4500
003 OSt
005 20221007125634.0
006 a|||||r|||| 00| 0
007 ta
008 221006b |||||||| |||| 00| 0 eng d
020 _a8122417973 (pbk)
_cRs.225.00
024 _a16959
037 _b166, 06/02/2006, Dhanraj Book House
_cTextual
040 _aCDL
_cCDL
_beng
041 _2eng
_aeng
082 _aE5, P6 Carc
100 _aBansal Raj K
245 0 _aOrganic chemistry: Problems and solutions
_b Bansal Rajiv V
250 _a2
260 _aNew
_bDelhi New Age International (P) Limited, Publishers
_c2006
300 _a466p
_ccm.
500 _aIndex 464-466p
650 _a Oranic substance
_9722246
650 _a Organic chemistry
650 _aChemistry
700 _a Bansal Rajiv V
_9722247
942 _hE5, P6 Carc
_cTEXL
_2CC
999 _c1215631
_d1215631